{"text_format":"3","workbook":"xlsx","n_sheets":1,"sheets":["Table 1"],"not_rendered":{"images":1},"read":"whole","date_system":"1900"}

{"sheet":"Table 1","index":0,"n_rows":41,"n_cols":6,"rows_kept":41,"merged":[[0,0,0,1],[0,2,0,5],[3,0,3,5],[7,0,7,5],[11,0,11,5],[19,0,19,5],[27,0,27,5],[39,0,39,6],[40,0,40,5]]}
[null,null,"\nPresupuesto Construcción de Cierre Perimetral."]
[]
["N°","Item","Unidad","Cantidad","Valor unitario","Valor total"]
["0.0         Regularización de la construcción"]
["0.1","Ejecución y tramitación Permiso de edificación Municipal","gl","según corresponda",{"v":0,"d":"$ 0"}]
["0.2","Ejecución y tramitación Recepción final Municipal","gl","según corresponda",{"v":0,"d":"$ 0"}]
[null,"SUBTOTAL",{"$nulls":3},{"v":0,"d":"$ 0"}]
["1.0         Instalación de faenas"]
["1.1","Empalmes provisorios (electricidad y agua)","gl","según corresponda",{"v":0,"d":"$ 0"}]
["1.2","Construcciones provisorias (bodega)","m2",{"v":5,"d":"5.00"},{"v":20000,"d":"$ 20,000"},{"v":100000,"d":"$ 100,000"}]
[null,"SUBTOTAL",{"$nulls":3},{"v":100000,"d":"$ 100,000"}]
["2.0         Obra Gruesa"]
[2.1,"Trazados y Niveles","ml",{"v":175,"d":"175.00"},{"v":1000,"d":"$ 1,000"},{"v":175000,"d":"$ 175,000"}]
[2.2,"Escarpe del terreno (e= 0,1 m)","ml",{"v":175,"d":"175.00"},{"v":1000,"d":"$ 1,000"},{"v":175000,"d":"$ 175,000"}]
[2.3,"Excavaciones de fundación aislada 0,5x0,5x0,55","m3",{"v":9.9,"d":"9.90"},{"v":12500,"d":"$ 12,500"},{"v":123750,"d":"$ 123,750"}]
[2.4,"Hormigón emplantillado G 05 e= 0,5 m","m3",{"v":0.9,"d":"0.90"},{"v":70000,"d":"$ 70,000"},{"v":63000,"d":"$ 63,000"}]
[2.5,"Fundación aislada hormigón G10 0,5x0,5x0,5 m","m3",{"v":9,"d":"9.00"},{"v":115000,"d":"$ 115,000"},{"v":1035000,"d":"$ 1,035,000"}]
["2.6","Poste acero 75x75x3,0","m3",{"v":72,"d":"72.00"},{"v":42500,"d":"$ 42,500"},{"v":3060000,"d":"$ 3,060,000"}]
[null,"SUBTOTAL",{"$nulls":3},{"v":5279250,"d":"$ 5,279,250"}]
["3.0         Terminaciones"]
["3.1","Malla acmafor 3d 2,5x2,4 verde / incliye fijación zincada pintada","unid",{"v":70,"d":"70.00"},{"v":53500,"d":"$ 53,500"},{"v":3745000,"d":"$ 3,745,000"}]
["3.2","Tapa poste 75x75 PVC","unid",{"v":72,"d":"72.00"},{"v":1500,"d":"$ 1,500"},{"v":108000,"d":"$ 108,000"}]
["3.3","P1 portón 2,7x2,4 corredera","unid",{"v":1,"d":"1.00"},{"v":250000,"d":"$ 250,000"},{"v":250000,"d":"$ 250,000"}]
["3.4","P2 puerta 2,4 x 1,25","unid",{"v":1,"d":"1.00"},{"v":150000,"d":"$ 150,000"},{"v":150000,"d":"$ 150,000"}]
["3.5","P3 puerta 2,4 x 2,5 2 hojas (batiente)","unid",{"v":1,"d":"1.00"},{"v":250000,"d":"$ 250,000"},{"v":250000,"d":"$ 250,000"}]
["3.6","P4 portón 2,4x5,2  2 hojas (corredera)","unid",{"v":1,"d":"1.00"},{"v":400000,"d":"$ 400,000"},{"v":400000,"d":"$ 400,000"}]
[null,"SUBTOTAL",{"$nulls":3},{"v":4903000,"d":"$ 4,903,000"}]
["4.0         Aseo y entrega"]
["4.1","Aseo y entrega","global",{"v":1,"d":"1.00"},{"v":221952,"d":"$ 221,952"},{"v":221952,"d":"$ 221,952"}]
[null,"SUBTOTAL",{"$nulls":3},{"v":221952,"d":"$ 221,952"}]
[]
[{"$nulls":3},"COSTO NETO",null,{"$f":"F7+F11+F19+F27+F30","v":{"v":10504202,"d":"$ 10,504,202"}}]
[{"$nulls":3},"Gastos Generales",{"v":0.1,"d":"10 %"},{"v":1050420,"d":"$ 1,050,420"}]
[{"$nulls":3},"Utilidades",{"v":0.1,"d":"10 %"},{"v":1050420,"d":"$ 1,050,420"}]
[]
[{"$nulls":3},"Total sin IVA",null,{"$f":"F33+F34+F32","v":{"v":12605042,"d":"$ 12,605,042"}}]
[{"$nulls":3},"IVA",{"v":0.19,"d":"19 %"},{"v":2394958,"d":"$ 2,394,958"}]
[]
[{"$nulls":3},"TOTAL CON IVA",null,{"v":15000000,"d":"$ 15,000,000"}]
["                        Firma, nombre y RUT del contratista"]
["NOTA: Las partidas, materiales, cubicaciones y valores utilizados en este presupuesto son solamente referenciales a modo de ejemplificar el formato de documento que solicita el Fondo Social. Las partidas que describen el proyecto DEBEN SER ESTABLECIDOS POR EL CONTRATISTA, según el tipo de iniciativa y el lugar en donde se emplaza la obra. Es responsabilidad de cada contratista corroborar la viabilidad técnica del proyecto postulado."]